Statistics for Animals beginning with the letter H

Click here to take the quiz!

General Stats

  • This quiz has been taken 87 times
  • The average score is 11 of 18

Answer Stats

ClueAnimal% Correct
Fast animal that looks like a rabbitHare
92%
African mammal that laughsHyena
89%
A female chickenHen
85%
Kind of whaleHumpback
84%
Kind of shark with a funny shaped headHammerhead
82%
Beat their wings up to 80 times per second and can fly backwardsHummingbird
79%
Spiky mammalthat curls into a ball when threatenedHedgehog
74%
Crustacean that "borrows" empty shells.Hermit Crab
74%
Bird that inhabits wetlandsHeron
69%
Mr Ed was oneHorse
67%
Bird of prey that has muscular legsHawk
57%
The world's greatest predatorHuman
52%
Rodent that can run as quickly backwards as it can forwardsHamster
49%
Animal that has pink sweatHippopotamus
48%
Is thought to have the loudest call of all primates.Howler Monkey
44%
Offspring of a crocodileHatchling
18%
Also call Dassies or ShrewmouseHyrax
15%
Large reodent endemic to the Caribbean IslandsHutia
11%

Score Distribution

Percentile by Number Answered

Percent of People with Each Score

Your Score History

You have not taken this quiz